APEC Schools

The Wisdom and teachings of Stephen R. Covey / (Record no. 8140)

000 -LEADER
fixed length control field nam a22 7a 4500
005 - DATE AND TIME OF LATEST TRANSACTION
control field 20190923060308.0
008 - FIXED-LENGTH DATA ELEMENTS--GENERAL INFORMATION
fixed length control field 190923b xxu||||| |||| 00| 0 eng d
020 ## - IDENTIFIER FOR THE MANIFESTATION
Identifier for the Manifestation 9781476725116
Binding hard bound
040 ## - CATALOGING SOURCE
Language of Cataloging eng
Transcribing Agency APEC Schools Library
Description Conventions rda
082 ## - DEWEY DECIMAL CLASSIFICATION NUMBER
Classification number C 158
Author's Number C873w 2012
100 ## - CREATOR
Preferred Name of the Person Covey, Stephen R.
245 ## - TITLE AND STATEMENT OF RESPONSIBILITY
Preferred Title Proper The Wisdom and teachings of Stephen R. Covey /
Statement of Responsibility/Parallel Statement of Responsibility Stephen R. Covey
264 ## - PUBLICATION STATEMENT
Place of publication, distribution, etc New York, NY :
Publisher's Name/Parallel Publisher's Name Free Press,
Copyright ©2012.
300 ## - PHYSICAL DESCRIPTION
Extent 160 pages ;
336 ## - RDA CONTENT
Source rdacontent
Content Type text
337 ## - RDA MEDIA
Source rdamedia
Media Type unmediated
338 ## - RDA CARRIER
Source rdacarrier
Carrier Type volume
504 ## - BIBLIOGRAPHY, ETC. NOTE
Bibliography, etc Includes bibliographical references.
650 ## - ADDED SUBJECT ACCESS POINT - TOPICAL TERM
Topical Term Self actualization (Psychology).
650 ## - ADDED SUBJECT ACCESS POINT - TOPICAL TERM
Topical Term Success--Psychological aspect.
942 ## - ADDED ENTRY ELEMENTS (KOHA)
Source of Classification
Koha Item Type Non Fiction
Holdings
Library Site Location Shelving Location Source of Acquisition Full Classification Number Accession Number Koha Item Type
APEC Marikina Heights Library APEC Marikina Heights Library Circulation Donation C 158 C873w 2012 A08-0000228D Non Fiction

Powered by Koha